00366nam a2200133Ia 4500008004100000020001500041041001200056082001600068100002000084245006400104260004000168300000800208650001600216221030s9999 xx 000 0 und d a8189757121 aEnglish a105.23bVen aS. K. Venkatesh 0a8051 Microcontroller & Embedded Systemscby S. K. Venkatesh bS.K Kataria & SonsaNew Delhic2006 a276 aBE Computer